000 00472nam a2200169 4500
001 132472
003 ES-MaACL
005 20251003063126.0
007 t|
008 070214s1913 fr r ||||1| fre d
100 1 _aRomains, Jules,
_d1885-1972
_999206
245 1 3 _aLa vie unanime
_b: poƩme /
_cJules Romains (seud).
260 _aParis :
_bMercure de France,
_c1913.
300 _a248 p. ;
_c19 cm.
852 _aES-MaACL
_jD-2001
999 _c132472
_d132472